| 000 | 00879cam a22002651 4500 | ||
|---|---|---|---|
| 001 | 21748 | ||
| 003 | BD-RjUL | ||
| 005 | 20211209000726.0 | ||
| 008 | 140305s1949 nyu 000 0 eng | ||
| 035 | _a(BD-RjUL)21813 | ||
| 035 | _a(OCoLC)2928950 | ||
| 040 |
_aDLC _cODa _dBD-RjUL _beng |
||
| 041 | _aeng | ||
| 082 | 0 | 0 |
_a796 _bCHA 1949 |
| 245 | 1 | 0 |
_aChampions' book of sports / _cdesigned and illustrated by Samuel Niseson; edited by Louis R. Oshins. Introd. by Clair Bee. |
| 260 |
_aGarden City, N.Y. : _bGarden City Pub. Co., _cc1949. |
||
| 300 |
_a192 p. : _billus. ; _c29 cm. |
||
| 500 | _a"Companion volume to Giant book of sports." | ||
| 505 | 0 | _aGolf.--Skiing.--Softball.--Swimming.--Track and field.--Hockey. | |
| 650 | 0 |
_aSports _zUnited States. _967182 |
|
| 700 | 1 |
_aOshins, Louis R. _967183 |
|
| 942 |
_2ddc _cBK |
||
| 999 |
_c21748 _d21748 |
||